Tiny Almost Useless Trivia II Quiz Stats

 Plays Quiz Updated Jul 23, 2014

Support Sporcle.
Go Orange.
Score 0/15 Timer 02:00
5 Plays Today
Question Answer % Correct
What is the largest country in South America?Brazil
94.3%
Which country has had Prime Ministers named Nehru and Gandhi?India
92.2%
Ham, Shem and Japheth are the sons of what famed ark-builder?Noah
88.6%
Which two fruits are anagrams of CHEAP and LUMP?peach and plum
88.4%
What actor won Oscars for 'Philadelphia' and 'Forrest Gump'?Tom Hanks
88.2%
Where can you find the ulna, the radius and the humerus?arm
86.8%
Catching Fire and Mockingjay are sequels to what Suzanne Collins book?The Hunger Games
85.3%
What Canadian chanteuse sang 'My Heart Will Go On' for 'Titanic?'Céline Dion
75.7%
Question Answer % Correct
What Fox show about a show choir had to cope with the death of Cory Monteith?Glee
75%
What gaming franchise comes from a portmanteau of 'pocket monsters'?Pokémon
61.7%
What part of speech are 'and,' 'but,' and 'or'?conjunctions
59.1%
How many teams are in the English Premier League for football?twenty
59%
What is the earliest Gregorian calendar month Yom Kippur can fall during?September
46.7%
What male name that ends in 'B' had been #1 in the US for 13 years until 2013?Jacob
37.4%
What musical featuring puppets is a spoof of 'Sesame Street'?Avenue Q
32.2%

You're not logged in!

Compare scores with friends on all Sporcle quizzes.
OR
Log In

From the Vault

Border Chain Minefield

by mrsmith

If only world travel were actually this easy.
Remove Ads.
Support Sporcle.
Get the best of Sporcle when you Go Orange. This ad-free experience offers more features, more stats, and more fun while also helping to support Sporcle. Thank you for becoming a member.

Show Comments

Extras

Top Quizzes Today


Score Distribution

Your Account Isn't Verified!

In order to create a playlist on Sporcle, you need to verify the email address you used during registration. Go to your Sporcle Settings to finish the process.

Report this User

Report this user for behavior that violates our Community Guidelines.

Details: